Health psychology and behaviour / (Record no. 74602)
[ view plain ]
| 000 -LEADER | |
|---|---|
| fixed length control field | 00751nam a22002417a 4500 |
| 001 - CONTROL NUMBER | |
| control field | 74602 |
| 003 - CONTROL NUMBER IDENTIFIER | |
| rucl marc code | BD-RjUL |
| 005 - DATE AND TIME OF LATEST TRANSACTION | |
| control field | 20211209082558.0 |
| 008 - FIXED-LENGTH DATA ELEMENTS--GENERAL INFORMATION | |
| fixed length control field | 181031r20112010ii p|||| |||| 00| 0 eng d |
| 035 ## - SYSTEM CONTROL NUMBER | |
| System control number | (BD-RjUL)74820 |
| 040 ## - CATALOGING SOURCE | |
| Original cataloging agency | BD-RjUL |
| Language of cataloging | eng |
| Transcribing agency | BD-RjUL |
| 041 ## - LANGUAGE CODE | |
| Language code of text/sound track or separate title | eng |
| 082 ## - DEWEY DECIMAL CLASSIFICATION NUMBER | |
| Edition number | 22 |
| Classification number | 616.0019 |
| Author mark and year | ALH 2011 |
| 100 ## - MAIN ENTRY--PERSONAL NAME | |
| Personal name | Allen, Felicity |
| 9 (RLIN) | 224579 |
| 245 ## - TITLE STATEMENT | |
| Title | Health psychology and behaviour / |
| Statement of responsibility, etc. | Felicity Allen. |
| 250 ## - EDITION STATEMENT | |
| Edition statement | Tata McGraw-Hill edition |
| 260 ## - PUBLICATION, DISTRIBUTION, ETC. (IMPRINT) | |
| Name of publisher, distributor, etc. | Tata McGraw-Hill Education Private ltd. , |
| Date of publication, distribution, etc. | c 2010, 2011 |
| 300 ## - PHYSICAL DESCRIPTION | |
| Pagination | xxiv, 550 p.: |
| Illustrations | ill. ; |
| Size | 26 cm. |
| 504 ## - BIBLIOGRAPHY, ETC. NOTE | |
| Bibliography, etc | Includes bibliographical reference and index. |
| 650 ## - SUBJECT ADDED ENTRY--TOPICAL TERM | |
| Topical term or geographic name as entry element | Clinical health psychology. |
| 9 (RLIN) | 224580 |
| Topical term or geographic name as entry element | Health behavior. |
| 9 (RLIN) | 224581 |
| 942 ## - ADDED ENTRY ELEMENTS (KOHA) | |
| Source of classification or shelving scheme | Dewey Decimal Classification |
| Koha item type | Books |
| Lost status | Source of classification or shelving scheme | Damaged status | Not for loan | Collection code | Permanent Location | Current Location | Shelving location | Date acquired | Source of acquisition | Cost, normal purchase price | Total Checkouts | Full call number | Date last seen | Copy number | Koha item type |
|---|---|---|---|---|---|---|---|---|---|---|---|---|---|---|---|
| Dewey Decimal Classification | Not For Loan | Non-fiction | Central Library, University of Rajshahi | Central Library, University of Rajshahi | Reading Room | 10/10/2018 | Dhaka : Orbital International Inc. | 818.09 | 616.0019 ALH 2011 | 31/10/2018 | C-1 | Books | |||
| Dewey Decimal Classification | Non-fiction | Central Library, University of Rajshahi | Central Library, University of Rajshahi | 10/10/2018 | Dhaka : Orbital International Inc. | 818.09 | 616.0019 ALH 2011 | 31/10/2018 | C-2 | Books | |||||
| Dewey Decimal Classification | Non-fiction | Central Library, University of Rajshahi | Central Library, University of Rajshahi | 10/10/2018 | Dhaka : Orbital International Inc. | 818.09 | 616.0019 ALH 2011 | 31/10/2018 | C-3 | Books | |||||
| Dewey Decimal Classification | Non-fiction | Central Library, University of Rajshahi | Central Library, University of Rajshahi | 10/10/2018 | Dhaka : Orbital International Inc. | 818.09 | 616.0019 ALH 2011 | 31/10/2018 | C-4 | Books |